Guess The Brand! #21 - Statistics

General Stats
  • This quiz has been taken 42 times
  • The average score is 18 of 49
Answer Stats
Picture Answer % Correct
Universal
90%
Barney
69%
Haribo
62%
Republican
62%
Long John Silvers
57%
My Little Pony
55%
Sharp
52%
A&W
50%
Durex
50%
Tang
50%
Democrats
48%
Dr Oetker
45%
Mug
45%
Kappa
43%
U-Haul
43%
Covergirl
40%
Cold Stone
38%
Columbia
38%
Washington Commanders
38%
Breyers
36%
Obey
36%
Slim Jim
36%
DKNY
33%
Laughing Cow
33%
Orange
33%
Pelikan
33%
Whole Foods
33%
Days Inn
31%
Deutsche Post
31%
Roche
31%
Slazenger
31%
Aeroflot
29%
Mobil
29%
PWC
29%
Action Man
26%
BET
26%
Chivas
26%
Hankook
26%
Kronenbourg
26%
Kyocera
26%
2010 Winter Olympics
24%
Banesto
24%
Capgemini
24%
Wipro
24%
Yoigo
24%
Rollerblade
21%
Nitro
17%
Steadtler
17%
Zswistal
17%
No matching quizzes found
Score Distribution
Percent of People with Each Score
Percentile by Number Answered
Your Score History
You have not taken this quiz